World War I (WWI) Aircraft Quiz - Statistics

General Stats
  • This quiz has been taken 17 times
  • The average score is 3 of 7
Answer Stats
Hint Answer % Correct
Aircraft produced by the RAF as a pusher, propeller behind main fuselage. Airco DH.2
79%
RAF plane that shot down the Red Baron. Sopwith Camel
71%
Single-seat monoplane developed by Fokker. Fokker E.III Eindecker
36%
Single-seat fighter that features an independent controllabe machine gun on the upper wing. Royal Aircraft Factory S.E.5
36%
Plane flown by the Red Baron, before he used the Dr.I triplane. Albatros D.VIII
21%
Bomber largely used by Germany for bombing runs. Ago C.I
7%
Heavy bomber mainly used by the RAF. It has 2 engines and 2 gunners. Airco DH.10
7%
No matching quizzes found
Score Distribution
Percent of People with Each Score
Percentile by Number Answered
Your Score History
You have not taken this quiz